000
00330cam a2200133ua 4500
041
_a
eng
_h
082
_a
823.308
_b
AUS/NO
100
_a
Austine, Jane .
245
_a
Northamger Abbey /
_c
Jane Austine.
_h
Textual Documents
260
_a
London :
_b
Zodiac Press ,
_c
1962.
300
_a
240 ; .
942
_c
BK
999
_c
3992
_d
3992